Niekoľko poznámok k charakteru súčasných ekonomických problémov

Vážnosť súčasných problémov a ich skutočné príčiny. Deformácie trhového mechanizmu a jeho rozhodujúcich prvkov vplyvom štátnych intervencií a regulácií. Prevaha politických predstáv a mocenských nástrojov nad ekonomickými zákonitosťami, si vyžadujú zásadné systémové riešenia.

Salvato in:
Dettagli Bibliografici
Autore principale: Horeháj, Jozef
Natura: Capitolo di libro
Lingua:slovacco
Soggetti:
Tags: Aggiungi Tag
Nessun Tag, puoi essere il primo ad aggiungerne!!

MARC

LEADER 00000nla a2200000 4500
001 0176639
005 20220204155056.5
041 0 |a slo 
044 |a SK 
245 1 0 |a Niekoľko poznámok k charakteru súčasných ekonomických problémov  |c Jozef Horeháj 
520 |a Vážnosť súčasných problémov a ich skutočné príčiny. Deformácie trhového mechanizmu a jeho rozhodujúcich prvkov vplyvom štátnych intervencií a regulácií. Prevaha politických predstáv a mocenských nástrojov nad ekonomickými zákonitosťami, si vyžadujú zásadné systémové riešenia. 
610 2 0 |a kríza hospodárska 
610 2 0 |a regulácia hospodárska 
610 2 0 |a politika hospodárska 
610 2 0 |a riadenie hospodárske 
610 2 0 |a vzťah politiky a ekonomiky 
100 1 |a Horeháj, Jozef